| 000 | 02292nam0a2200397 4500 | ||
|---|---|---|---|
| 001 | RU\NLR\BIBL_A\012288366 | ||
| 005 | 20200727093606.0 | ||
| 010 |
_a978-5-16-015919-5 _bprint |
||
| 010 |
_a978-5-16-108315-4 _bonline _9500 |
||
| 021 |
_aRU _bКН-П-20-012192 _9КН-П-20-0965 |
||
| 035 | _a(NLR Aleph) 012288366 | ||
| 035 | _a(RuMoRGB)010289788 | ||
| 090 |
_a11256549 _c11256549 |
||
| 100 | _a20200709d2020 k y0rusy50 ca | ||
| 101 | 0 | _arus | |
| 102 | _aRU | ||
| 105 | _aa|||j|||000zy | ||
| 181 | 0 |
_ai _baxxe |
|
| 182 | 0 | _an | |
| 200 | 1 |
_aИнформационные системы и программирование _eспециалист по информационным системам. Выпускная квалификационная работа _eучебник для учебных заведений, реализующих программу среднего профессионального образования по специальности 09.02.07 "Информационные системы и программирование" _fМ. С. Логачёв |
|
| 203 |
_aТекст _bвизуальный _cнепосредственный |
||
| 210 |
_aМосква _cИНФРА-М _d2020 |
||
| 215 |
_a575 с. _cил., табл. _d22 |
||
| 225 | 1 | _aСреднее профессиональное образование | |
| 300 | _aНа 4-й с. обл. авт.: Логачёв М.С., канд. техн. наук, доц. | ||
| 320 | _aБиблиогр.: с. 565-571 (85 назв.) | ||
| 606 | 1 |
_aВыпускные квалификационные работы _xМетодика написания _xУчреждения среднего профессионального образования _2nlr_sh2 _3RU\NLR\AUTH\6601539461 |
|
| 606 | 1 |
_aИнформационные системы _xДипломное проектирование _jУчебники для среднего профессионального образования _2nlr_sh2 _3RU\NLR\AUTH\6601671863 |
|
| 686 | 1 | _aЗ973.233.02-02я723-1 | |
| 686 | 1 | _aЧ471.254.5я723 | |
| 700 | 1 |
_aЛогачёв _bМ. С. _gМаксим Сергеевич |
|
| 942 | _cBOOK | ||
| 980 | _aNBR | ||
| 980 | _aNB | ||